Estados Unidos y la crisis Nicaragüense
Salvato in:
| Natura: | testo |
|---|---|
| Soggetti: | |
| Tags: |
Aggiungi Tag
Nessun Tag, puoi essere il primo ad aggiungerne!!
|
MARC
| LEADER | 00000 a a2200000 04500 | ||
|---|---|---|---|
| 001 | 17864 | ||
| 003 | |||
| 040 | |||
| 245 | |a Estados Unidos y la crisis Nicaragüense | ||
| 650 | |a POLITICA | ||
| 650 | |a PRODUCCION | ||
| 650 | |a CAPITAL | ||
| 650 | |a ECONOMIA | ||
| 650 | |a NICARAGUA | ||
| 773 | |g volumen 3, número 31. (1979). Página : 241 | ||
| 999 | |c 35970 |d 35970 | ||
| 773 | 0 | |0 42391 |9 3792 |a Agencia Latinoamericana de Información, ALAI |d Quito, Ecuador: ALAI |o 03878 |t ALAI: |x 08275564 (Servicio mensual de información y documentación) | |
